Cesta šamana. Kniha 3., Tajemství Temného hvozdu /
Třetí kniha ruské fantasy série z Barliony - virtuálního herního světa, kde se snaží přežít jeden zcela reálný hrdina.
Uloženo v:
| Série: | Cesta šamana,
část 3 |
|---|---|
| Hlavní autor: | |
| Další autoři: | |
| Médium: | E-kniha |
| Jazyk: | Czech |
| Vydáno: |
Ostrava :
Fantom Print,
2018
|
| Vydání: | 1. vydání |
| Témata: | |
| Příbuzné jednotky: | Název anglické verze::
Secret of the Dark Forest Z cyklu:: Cesta šamana |
| Tagy: |
Žádné tagy |
| LEADER | 02943nam a2200469 i 4500 | ||
|---|---|---|---|
| 001 | 310946 | ||
| 003 | CZ PrSKC | ||
| 005 | 20260601215657.0 | ||
| 007 | ta | ||
| 008 | 181005s2018 xr g 000 f cze | ||
| 015 | |a cnb003039457 | ||
| 020 | |a 9788075940124 |q (brožováno) | ||
| 035 | |a (OCoLC)1096290090 | ||
| 040 | |a OLA001 |b cze |e rda | ||
| 041 | 1 | |a cze |k eng |h rus | |
| 072 | 7 | |a 821.161.1 |x Ruská literatura, rusky psaná |2 Konspekt | |
| 080 | |a 821.161.1-31 |2 MRF | ||
| 080 | |a (0:82-311.9) |2 MRF | ||
| 100 | 1 | |a Machanenko, Vasilij Michajlovič, |d 1981- |7 xx0216035 |4 aut | |
| 240 | 1 | 0 | |a Tajna temnogo lesa. |l Česky |
| 245 | 1 | 0 | |a Cesta šamana. |n Kniha 3., |p Tajemství Temného hvozdu / |c V. Mahaněnko ; překlad Martin Kapalka |
| 246 | 3 | 0 | |a Tajemství Temného hvozdu |
| 250 | |a 1. vydání | ||
| 264 | 1 | |a Ostrava : |b Fantom Print, |c 2018 | |
| 300 | |a 351 stran ; |c 21 cm | ||
| 336 | |a text |b txt |2 rdacontent | ||
| 337 | |a bez média |b n |2 rdamedia | ||
| 338 | |a svazek |b nc |2 rdacarrier | ||
| 500 | |a Přeloženo z anglické verze ruského originálu? | ||
| 520 | 2 | |a Třetí kniha ruské fantasy série z Barliony - virtuálního herního světa, kde se snaží přežít jeden zcela reálný hrdina. |b Barliona. Virtuální svět narvaný k prasknutí monstry, bitvami a samozřejmě hráči. Hvězda Mahana, hackera odsouzeného k tomu, aby si v Barlioně odpykával svůj trest, mezi nimi rychle stoupá. Po převratu v herním systému se barlionské klany předhánějí v tom, kdo si urve větší kus moci a kdo přejde na stranu nového císařství. Mahan je rázem středem pozornosti, o to víc, když ho Korporace, která hru provozuje, pevně spojí s celým novým rozsáhlým scénářem, na jehož pokoření si brousí zuby všichni špičkoví hráči serveru. Na výpravu do Temného hvozdu je potřeba silný tým, ale v něm si nejdřív Mahan musí vybojovat patřičný respekt a právo velet. Jinak totiž hrozí, že jeho instinktům šamana nikdo nebude věřit - a že místo odhalování tajemství skončí největší hrdinové Malabaru jen jako upíří večeře... Nakladatelská anotace. | |
| 655 | 7 | |a ruské romány |7 fd133320 |2 czenas | |
| 655 | 7 | |a vědecko-fantastické romány |7 fd133847 |2 czenas | |
| 655 | 9 | |a Russian fiction |2 eczenas | |
| 655 | 9 | |a science fiction novels |2 eczenas | |
| 700 | 1 | |a Kapalka, Martin, |d 1988- |7 kv2017964132 |4 trl | |
| 765 | 0 | 8 | |i Název anglické verze: |t Secret of the Dark Forest |
| 787 | 0 | 8 | |i Z cyklu: |t Cesta šamana |g 3 |
| 900 | |a ABA001 |b 20 | ||
| 044 | |a xr | ||
| 910 | |a RBIT002 | ||
| 998 | |d 179392 |a https://core.palmknihy.cz/api/books/179392/cover?pfpj1i |b https://core.palmknihy.cz/api/books/179392/cover/400?pfpj1i |c https://core.palmknihy.cz/api/books/179392/cover/50?pfpj1i |e 2029-03-01 |g 352 |i 9788075940124 |j https://core.palmknihy.cz/api/books/179392/preview.epub |l |q 49 |r 1 |s https://www.palmknihy.cz/kniha/179392 |t ebook |y 2018 |z 0 |v Cesta šamana |w 3 | ||
| 999 | |d 310944 | ||